Lava Chicken Lyrics (deutsch) - Statistiken

Allgemein
  • Dieses Quiz wurde 98 mal gespielt
  • Das Durchschnittsergebnis liegt bei 16 aus 38
Antwortstatistiken
Antwort % Korrekt
La
100%
La
98%
La
98%
Lava
96%
Ch
92%
Ch
92%
Ch
92%
Chicken
92%
Chicken
77%
Steve's
77%
Lava
75%
Yeah
47%
As
42%
Hell
42%
Tasty
40%
It's
36%
Ringing
30%
Bell
28%
Now
28%
The
26%
You're
25%
And
23%
Crispy
23%
Mamacita
23%
Juicy
21%
A
19%
It's
19%
Lava
19%
A
17%
Attack!
17%
Having
17%
Now
17%
You're
17%
Snack
13%
Spicy
13%
Super
13%
Ooh
11%
Ooh
8%
Keine übereinstimmenden Quizze gefunden
Verteilung der Resultate
Anzahl Personen mit jedem Resultat
Perzentil nach korrekt beantworteten Fragen
Ihre Resultats-Entwicklung
Sie haben dieses Quiz noch nicht gespielt